A tünetmentes állapot fenntartásáért felelős szerkezeti és immunológiai aspektusok azonosítása a pikkelysömörös nem léziós bőrben

Elmentve itt :
Bibliográfiai részletek
Szerzők: Danis Judit
Kelemen Evelyn
Bozó Renáta
Konczné Gubán Barbara
Csörgő Sándorné Bata Zsuzsanna
Kemény Lajos
Széll Márta
Dokumentumtípus: Cikk
Megjelent: 2023
Sorozat:IMMUNOLÓGIAI SZEMLE 15 No. 3
Tárgyszavak:
mtmt:34405846
Online Access:http://publicatio.bibl.u-szeged.hu/29776
LEADER 00954nab a2200265 i 4500
001 publ29776
005 20240305102814.0
008 240305s2023 hu o 0|| hun d
022 |a 2061-0203 
024 7 |a 34405846  |2 mtmt 
040 |a SZTE Publicatio Repozitórium  |b hun 
041 |a hun 
100 1 |a Danis Judit 
245 1 2 |a A tünetmentes állapot fenntartásáért felelős szerkezeti és immunológiai aspektusok azonosítása a pikkelysömörös nem léziós bőrben  |h [elektronikus dokumentum] /  |c  Danis Judit 
260 |c 2023 
300 |a 73-79 
490 0 |a IMMUNOLÓGIAI SZEMLE  |v 15 No. 3 
650 4 |a Klinikai orvostan 
700 0 1 |a Kelemen Evelyn  |e aut 
700 0 1 |a Bozó Renáta  |e aut 
700 0 2 |a Konczné Gubán Barbara  |e aut 
700 0 2 |a Csörgő Sándorné Bata Zsuzsanna  |e aut 
700 0 2 |a Kemény Lajos  |e aut 
700 0 2 |a Széll Márta  |e aut 
856 4 0 |u http://publicatio.bibl.u-szeged.hu/29776/1/ISZDanisjav.pdf  |z Dokumentum-elérés